00646nam a22002057a 450000500170000000800410001701000140005802000260007203500130009803700130011104000170012408200080014110000180014924500690016725000120023626000850024827000620033330000250039570000200042020100407140256.0100407t xxu||||| |||| 00| 0 eng d aENG-95989 a9788131726747c350.00 aEN-79522 bDBAD/VEN adplbEnglish a000 aThorpe, Edgar aObjective general knowledge/cby Edgar Thorpe and Showick Thorpe a2nd ed. aDelhibDorling Kindersley (India) Pvt. Ltd. Licensees of Pearson Educationc2009 a14, Local Shopping Centre, Panchsheel ParkbDelhie110017 a561p. :c28cm. (pbk) aThorpe, Showick